00587 2200229 4500001002100000005001500021035002000036008004100056245005100097100001900148250001000167260003700177300002700214020002200241084002000263082001400283650002000297990001000317990001000327990001000337990001000347INLIS00000000001203320260424111636 a0010-0426000004260424 g 1 ind 1 aKehidupan setelah jam 5 sore /cAlifah Farhana aAlifah Farhana aCet.3 aYogyakarta :bMojok Group,c2021 ax, 227 hlm ;c13x19 cm a978-623-7284-77-2 a899.221 3 ALI k a899.221 3 4aFiksi Indonesia a58207 a58208 a58209 a58210